| 000 | 00626nam a2200193Ia 4500 | ||
|---|---|---|---|
| 001 | 8374 | ||
| 003 | GE_BSU | ||
| 008 | 181216s||||||||xx |||||||||||||| ||und|| | ||
| 040 | _cGE_BSU | ||
| 245 | _aენა და კულტურა № 10. 2013 | ||
| 245 | _bსამეცნიერო რეფერირებადი ჟურნალი | ||
| 245 | _cმთ.რედ. მანანა მიქაძე | ||
| 260 | _aქუთაისი | ||
| 260 | _bმერიდიანი | ||
| 260 | _c2013 | ||
| 300 | _a230გვ.29სმ. | ||
| 653 | _aენა და კულტურა | ||
| 942 | _cCR | ||
| 999 |
_c41697 _d41697 |
||